00884nac a22002291u 4500010001500000020002400015082001600039090001300055100003400068245010600102250001300208260006700221300004200288490004400330500002000374650003300394700002300427830004500450942001800495999001300513952012800526 a2005280855 a0132370360 (spiral)00a005.5bG774 c528d528 aGrauer, Robert T., 10aMicrosoft Office 2003 :bwith additional Excel & Access coverage /cRobert T. Grauer, Maryann Barber. aPlus ed. aUpper Saddle River, N.J. :bPearson/Prentice Hall,2006cc2006. axxiii, 1189 p. :bcol. ill. ;c28 cm.1 aThe exploring series / by Prentice Hall aIncludes index. 0aBusinessxComputer programs.1 aBarber, Maryann M. 0aExploring series (Pearson/Prentice Hall) cBBk005.5G774 c528d528 00102ddc40708 aMAINbMAINcLOWd2006-07-17epurchaseg240.00l1o005.5 GRAp000004091r2025-07-15 00:00:00v300.00yBB